| 000 | 00353 a2200133 4500 | ||
|---|---|---|---|
| 001 | 90572 | ||
| 082 | _aPR 970 | ||
| 090 |
_c42908 _d42908 |
||
| 100 | _aUmer Riaz; Nasir Baig, advisors | ||
| 245 |
_aDesign of SP rocket dispersal bomb _nG-28 |
||
| 260 |
_aKarachi _bNED University _c1988 |
||
| 300 |
_a140 p. _bhand written |
||
| 500 | _aBE Project Reports | ||
| 942 |
_aCAE NUST _kPR 9710 |
||
| 999 |
_c325645 _d325645 |
||